|
|
|
|
| LEADER |
01087nam a2200313 4500 |
| 001 |
DLU090091024 |
| 005 |
##20091201 |
| 040 |
# |
# |
|a DLU
|b eng
|
| 041 |
# |
# |
|a eng
|
| 044 |
# |
# |
|a us
|
| 100 |
# |
# |
|a Chattopadhyay, Debasish.
|
| 245 |
# |
# |
|a Large-scale preparation of the Delta10 form of staphylokinase by in vitro processing of recombinant staphylokinase with purified human plasminogen /
|c Debasish Chattopadhyay, Jerry E. Stewart, Lawrence J. DeLucas.
|
| 653 |
# |
# |
|a Immobilized metal affinity chromatography
|
| 653 |
# |
# |
|a Plasminogen
|
| 653 |
# |
# |
|a Plasminogen activator
|
| 653 |
# |
# |
|a Recombinant protein
|
| 653 |
# |
# |
|a Staphylokinase
|
| 700 |
# |
# |
|a DeLucas, Lawrence J.
|
| 700 |
# |
# |
|a Stewart, Jerry E.
|
| 773 |
# |
# |
|t Applied Biochemistry and Biotechnology
|g Vol. 69, no. 3 (March 1998), p. 147-155
|
| 920 |
# |
# |
|a Phòng Tạp chí -- Trung tâm Thông tin - Thư viện Trường Đại học Đà Lạt
|
| 994 |
# |
# |
|a DLU
|
| 900 |
# |
# |
|a True
|
| 911 |
# |
# |
|a Trương Bảo Trâm Anh
|
| 925 |
# |
# |
|a G
|
| 926 |
# |
# |
|a A
|
| 927 |
# |
# |
|a BB
|
| 980 |
# |
# |
|a Thư viện Trường Đại học Đà Lạt
|